000
00314nam a2200157Ia 4500
100
_a
Watrall/Ethan/ Herber/N
650
_a
Flash
942
_c
BK
366
_f
20
245
_a
Flash 8
260
_b
Wiley India
_c
2006
082
_a
5.133
_b
WAT
300
_a
530
546
_a
ENGLISH
_c
Computers
999
_c
28433
_d
28433